000 00724 a2200205 4500
020 _a0387974954
020 _a9780387974958
082 0 4 _a512.2
090 _c785
_d785
100 1 _aFulton, William.
245 1 0 _aRepresentation theory :
_ba first course /
_cWilliam Fulton, Joe Harris.
250 _aCorrected.
260 _a[S.l.] :
_bSpringer,
_c1991.
300 _a566 p. ;
_c24 cm.
490 1 _aGraduate texts in mathematics / readings in mathematics.
700 1 _aHarris, Joe.
830 0 _aGraduate texts in mathematics / readings in mathematics.
942 _aSNS
_cBK
_k512.2 FUL
999 _c29411
_d29411